000 004950000a22002050004500
003 LK-CoMWRAF
005 20230923072237.0
008 230817t2003 ||||| |||| 00| 0 eng d
020 _a8170945410
040 _aLK-CoMWRAF
_dLK-CoMWRAF
_eLK-CoMWRAF
041 _aeng
082 _a297
_bADA
100 _aAdamec, Ludwig W.
245 _aThe A to Z of Islam
260 _aNew Delhi :
_bVision,
_c2003
300 _a298p
650 _aIslam
650 _aIslam -- Pictorial works
942 _cBK
999 _c945
_d945